Two greedy bears : (Record no. 111782)
[ view plain ]
| 000 -LEADER | |
|---|---|
| fixed length control field | 00594nam a2200181 a 4500 |
| 001 - CONTROL NUMBER | |
| control field | 1311 |
| 005 - DATE AND TIME OF LATEST TRANSACTION | |
| control field | 20140414131922.0 |
| 008 - FIXED-LENGTH DATA ELEMENTS--GENERAL INFORMATION | |
| fixed length control field | 021205s19uu xx 00 eng d |
| 020 ## - INTERNATIONAL STANDARD BOOK NUMBER | |
| International Standard Book Number | 0-689-81997-8 |
| 050 ## - LIBRARY OF CONGRESS CALL NUMBER | |
| Classification number | ER |
| Item number | T93 1976 |
| 100 ## - MAIN ENTRY--PERSONAL NAME | |
| Personal name | Ginsburg, Mirra |
| 245 ## - TITLE STATEMENT | |
| Title | Two greedy bears : |
| Remainder of title | adapted from a Hungarian folk tale / |
| Statement of responsibility, etc | by Mirra Ginsburg ; pictures by Jose Aruego & Ariane Dewey. |
| 260 ## - PUBLICATION, DISTRIBUTION, ETC. (IMPRINT) | |
| Place of publication, distribution, etc | [s.l.] : |
| Name of publisher, distributor, etc | SRA/McGraw-Hill, |
| Date of publication, distribution, etc | 1976. |
| 300 ## - PHYSICAL DESCRIPTION | |
| Extent | 1 v. p. : ill. ; cm. |
| 520 ## - SUMMARY, ETC. | |
| Summary, etc | A clever for teaches two bears a lesson about greed. |
| 650 ## - SUBJECT ADDED ENTRY--TOPICAL TERM | |
| Topical term or geographic name as entry element | Folkore - Hungary. |
| Withdrawn status | Lost status | Damaged status | Use restrictions | Home library | Current library | Shelving location | Date acquired | Source of acquisition | Total Checkouts | Full call number | Barcode | Date last seen | Price effective from | Koha item type |
|---|---|---|---|---|---|---|---|---|---|---|---|---|---|---|
| Munich Library | Munich Library | Easy Reading Section | 12/20/2004 | ER T93 1976 | M2676 | 04/14/2014 | 04/14/2014 | Books |